000 01119cam a2200337 a 4500
001 14338033
003 ARRUPE
005 20161005084500.0
008 060412s2005 enkab bf 001 0 eng
010 _a 2006296219
015 _aGBA3-W1558
016 7 _a101263376
_2DNLM
020 _a0192803603
020 _a9780192803603
035 _a(OCoLC)ocm52620413
040 _aNLM
_cNLM
_dUKM
_dBAKER
_dBWKUK
_dVP@
_dDLC
042 _anlmcopyc
_alccopycat
050 0 0 _aGN281
_b.W674 2005
060 0 0 _a2006 A-876
082 0 0 _a599.93/8
_222
100 1 _aWood, Bernard A.
_926368
245 1 0 _aHuman evolution :
_ba very short introduction /
_cBernard Wood.
260 _aOxford ;
_aNew York :
_bOxford University Press,
_c2005.
300 _a131 p. :
_bill., maps ;
_c18 cm.
440 0 _aVery short introductions ;
_v142
_926369
504 _aIncludes bibliographical references (p. 121-124) and index.
650 0 _aHuman evolution.
_926370
906 _a7
_bcbc
_ccopycat
_d2
_encip
_f20
_gy-gencatlg
942 _2lcc
_cMONOGRAPH
999 _c125403
_d125403